Pohybová aktivita, zdravie, zdatnosť vysokoškolákov /

Gespeichert in:
Bibliographische Detailangaben
1. Verfasser: Cepková, Alena, 1970- (Verfasst von)
Weitere Verfasser: Hrčka, Jozef (Rezension), Bartík, Pavol (Rezension), Zvonař, Martin (Rezension)
Format: Buch
Sprache:Slowakisch
Veröffentlicht: Bratislava : Nakladataľstvo STU, 2015
Ausgabe:1. vyd.
Schlagworte:
Tags: Tag hinzufügen
Keine Tags, Fügen Sie das erste Tag hinzu!

MARC

LEADER 00000nam a22000003a 4500
001 0008767
003 SK-STU
005 20220216175421.3
007 ta
008 151110s ----xo-----e------000-0-----d
020 |a 978-80-227-4456-0 
040 |a STU  |b slo 
041 0 |a slo  |h slo 
044 |a xo 
100 1 |a Cepková, Alena,  |d 1970-  |u 020340  |r Z1  |4 aut  |9 100  |U SjF Ústav jazykov, športu a spoločenských vied  |T SjF Katedra telesnej výchovy  |X 2235  |U J920  |Y 55  |7 A000002235 
245 1 0 |a Pohybová aktivita, zdravie, zdatnosť vysokoškolákov /  |c aut. Alena Cepková 
250 |a 1. vyd. 
260 |a Bratislava :  |b Nakladataľstvo STU,  |c 2015 
300 |a 80 s.  |b 30 obr., 28 tab.  |9 4,02  |0 80 
650 0 7 |a telesná zdatnosť 
650 0 7 |a pohybová aktivita 
700 1 |a Hrčka, Jozef  |4 rev 
700 1 |a Bartík, Pavol  |r Z5  |4 rev 
700 1 |a Zvonař, Martin  |r Z6  |4 rev 
996 |b 284J044501  |c J* 117783  |l JJST  |s P  |a 0  |w 0008767_0001 
996 |b 284J045103  |c J* 118293  |l JJSK  |s A  |a 24  |w 0008767_0002